[Event "Ho Chi Minh City HD Bank op-B 6th"]
[Site "Ho Chi Minh City"]
[Date "2016.03.10"]
[Round "4"]
[White "Nguyen, Phuoc Tam"]
[Black "Wolfaardt, Francois"]
[Result "1-0"]
[WhiteElo "2047"]
[BlackElo "1700"]
[PlyCount "87"]
[EventDate "2016.03.08"]
[EventType "swiss"]
[EventRounds "9"]
[EventCountry "VIE"]
[SourceTitle "CBM 171 Extra"]
[Source "ChessBase"]
[SourceDate "2016.04.26"]
[SourceVersion "1"]
[SourceVersionDate "2016.04.26"]
[SourceQuality "1"]

1. d4 d6 2. g3 Nf6 3. Bg2 Nc6 4. Nf3 Bf5 5. c4 g6 6. Nc3 Bg7 7. d5 Ne5 8. Nxe5 dxe5 9. e4 Bg4 10. Qb3 b6 11. 0-0 Qd7 12. c5 Bh3 13. Bg5 Bxg2 14. Kxg2 h6 15. Bxf6 Bxf6 16. Qb5 a6 17. Qc6 Qxc6 18. dxc6 bxc5 19. Nd5 Ra7 20. Rac1 0-0 21. Rxc5 Rb8 22. b3 Rb5 23. Rfc1 Rxc5 24. Rxc5 a5 25. Nc3 Ra8 26. Nb5 Rc8 27. Na7 Ra8 28. Rxa5 e6 29. b4 Be7 30. a3 Kf8 31. Nb5 Rxa5 32. bxa5 Bc5 33. a6 Ke7 34. f4 exf4 35. gxf4 f6 36. e5 fxe5 37. fxe5 Kd8 38. a7 Bxa7 39. Nxa7 Ke7 40. a4 g5 41. a5 h5 42. a6 Kd8 43. Nb5 Kc8 44. a7 1-0

[Event "Hong Kong op"]
[Site "Hong Kong"]
[Date "2015.10.01"]
[Round "1"]
[White "Wolfaardt, Francois"]
[Black "Zeng, Chongsheng"]
[Result "0-1"]
[WhiteElo "1722"]
[BlackElo "2517"]
[PlyCount "100"]
[EventDate "2015.10.01"]
[EventType "swiss"]
[EventRounds "9"]
[EventCountry "HKG"]
[SourceTitle "CBM 168 Extra"]
[Source "ChessBase"]
[SourceDate "2015.10.29"]
[SourceVersion "1"]
[SourceVersionDate "2015.10.29"]
[SourceQuality "1"]

1. b3 e5 2. Bb2 Nc6 3. e3 g6 4. f4 d6 5. Bb5 Nge7 6. fxe5 Bg7 7. Nf3 0-0 8. 0-0 dxe5 9. Na3 a6 10. Be2 e4 11. Bxg7 exf3 12. Bxf8 fxe2 13. Qxe2 Qxf8 14. c3 h5 15. Nc2 Bg4 16. Qc4 Rd8 17. Rf2 b5 18. Qf4 Nd5 19. Qg5 Qe7 20. Qxe7 Ndxe7 21. Raf1 Bf5 22. Nd4 Bd3 23. Nxc6 Nxc6 24. Ra1 f5 25. a4 bxa4 26. Rxa4 Rb8 27. b4 a5 28. e4 axb4 29. cxb4 Bxe4 30. d4 Rxb4 31. Rxb4 Nxb4 32. h4 Kf7 33. Rb2 Nc2 34. d5 Ne3 35. Rb7 Nxd5 36. Kf2 Kf6 37. g3 c5 38. Rb8 c4 39. Rc8 c3 40. Ke2 c2 41. Kd2 Nb4 42. Rf8+ Ke7 43. Rg8 Na2 44. Rc8 c1Q+ 45. Rxc1 Nxc1 46. Kxc1 g5 47. hxg5 f4 48. Kd2 fxg3 49. Ke3 h4 50. Kxe4 g2 0-1

[Event "Hong Kong Summer op"]
[Site "Hong Kong"]
[Date "2015.07.06"]
[Round "3"]
[White "Garceran Wang, Miguel Angel"]
[Black "Wolfaardt, Francois"]
[Result "0-1"]
[WhiteElo "1500"]
[BlackElo "1748"]
[PlyCount "88"]
[EventDate "2015.06.22"]
[EventType "swiss"]
[EventRounds "9"]
[EventCountry "HKG"]
[SourceTitle "EXT 2016"]
[Source "ChessBase"]
[SourceDate "2015.10.08"]
[SourceVersion "1"]
[SourceVersionDate "2015.10.08"]
[SourceQuality "1"]

1. d4 d5 2. Nc3 Nf6 3. Bg5 c6 4. f3 Qb6 5. Rb1 h6 6. Bh4 g5 7. Bf2 Bf5 8. e3 Nbd7 9. Bd3 Bxd3 10. Qxd3 Bg7 11. Nge2 0-0 12. 0-0 Rfe8 13. e4 dxe4 14. Nxe4 Rad8 15. c3 Qa5 16. a3 Nxe4 17. fxe4 e5 18. Qf3 Nf6 19. Ng3 Kh7 20. Qf5+ Kg8 21. Be3 Qc7 22. Qf3 Kh7 23. Rfe1 Qd7 24. Rbd1 Qg4 25. Kf2 exd4 26. Bxd4 Qxf3+ 27. gxf3 b6 28. Nf5 Bh8 29. Rg1 Nh5 30. Ng3 Nf4 31. Kf1 c5 32. Nf5 cxd4 33. cxd4 Kg6 34. Nh4+ Kf6 35. e5+ Ke6 36. Ng2 Nxg2 37. Rxg2 Kf5 38. Rc2 Bxe5 39. d5 Bf4 40. h3 Re5 41. d6 Rc5 42. Re2 Rxd6 43. Rde1 Rc1 44. Rxc1 Bxc1 0-1

[Event "Hong Kong-ch prel"]
[Site "Hong Kong"]
[Date "2015.02.02"]
[Round "5"]
[White "Dumalaog, Arturo Lim"]
[Black "Wolfaardt, Francois"]
[Result "0-1"]
[WhiteElo "1812"]
[BlackElo "1745"]
[PlyCount "84"]
[EventDate "2015.01.05"]
[EventType "swiss"]
[EventRounds "9"]
[EventCountry "HKG"]
[SourceTitle "EXT 2016"]
[Source "ChessBase"]
[SourceDate "2015.10.08"]
[SourceVersion "1"]
[SourceVersionDate "2015.10.08"]
[SourceQuality "1"]

1. c4 e5 2. Nc3 Bb4 3. Nd5 Ba5 4. Nf3 c6 5. Nc3 d6 6. d3 Nf6 7. Bg5 h6 8. Bxf6 Qxf6 9. Nd2 0-0 10. g3 Bg4 11. Bg2 Nd7 12. 0-0 Qe6 13. Rb1 Bh3 14. b4 Bd8 15. a4 Bxg2 16. Kxg2 f5 17. e3 g5 18. Qh5 Kh7 19. d4 g4 20. d5 Qg8 21. e4 Bg5 22. exf5 Bxd2 23. Ne4 Bg5 24. Qxg4 Nf6 25. Nxf6+ Bxf6 26. Qe4 cxd5 27. cxd5 Qf7 28. g4 Rg8 29. h3 Bg5 30. Rfd1 Bf4 31. b5 Rac8 32. Qb4 Rc5 33. Qe4 Qh5 34. Rh1 Qh4 35. Rb3 Kh8 36. Rf3 Rgc8 37. Rxf4 exf4 38. Qd4+ Kh7 39. Qxf4 Qf6 40. Re1 Rc4 41. Qe3 R8c7 42. Qe6 Rf7 0-1

[Event "Hong Kong-ch prel"]
[Site "Hong Kong"]
[Date "2015.01.12"]
[Round "2"]
[White "Wolfaardt, Francois"]
[Black "Ho, In Hei Henry"]
[Result "1-0"]
[WhiteElo "1745"]
[BlackElo "1536"]
[PlyCount "63"]
[EventDate "2015.01.05"]
[EventType "swiss"]
[EventRounds "9"]
[EventCountry "HKG"]
[SourceTitle "EXT 2016"]
[Source "ChessBase"]
[SourceDate "2015.10.08"]
[SourceVersion "1"]
[SourceVersionDate "2015.10.08"]
[SourceQuality "1"]

1. e3 d5 2. b3 Nf6 3. Bb2 c5 4. Bb5+ Bd7 5. Qe2 Nc6 6. Nf3 g6 7. c4 Nb4 8. Bxd7+ Qxd7 9. d3 dxc4 10. dxc4 Nd3+ 11. Kf1 Nxb2 12. Qxb2 Bg7 13. Ke2 Rd8 14. Qc2 Ne4 15. Nbd2 Nxd2 16. Rad1 Qg4 17. Rxd2 Rxd2+ 18. Qxd2 Qxg2 19. Rd1 0-0 20. Qd7 e5 21. Rg1 Qxg1 22. Nxg1 e4 23. Qxb7 f5 24. Qd5+ Kh8 25. Qxc5 Rd8 26. Qxa7 Bc3 27. Qf7 Rd2+ 28. Kf1 Bb4 29. Qb7 Bd6 30. Qd7 Rd3 31. Nh3 Bxh2 32. Qf7 1-0

[Event "Ho Chi Minh City HD Bank op 3rd"]
[Site "Ho Chi Minh City"]
[Date "2013.03.24"]
[Round "9"]
[White "Tran Thi Mong, Thu"]
[Black "Wolfaardt, Francois"]
[Result "1/2-1/2"]
[WhiteElo "1841"]
[BlackElo "1783"]
[PlyCount "102"]
[EventDate "2013.03.19"]
[EventType "swiss"]
[EventRounds "9"]
[EventCountry "VIE"]
[SourceTitle "CBM 153 Extra"]
[Source "ChessBase"]
[SourceDate "2013.04.22"]
[SourceVersion "1"]
[SourceVersionDate "2013.04.22"]
[SourceQuality "1"]

1. e4 e5 2. Nf3 Nc6 3. Bb5 a6 4. Ba4 b5 5. Bb3 Nf6 6. c3 Be7 7. 0-0 0-0 8. Re1 d6 9. h3 Re8 10. d4 h6 11. Nbd2 Bf8 12. Nf1 exd4 13. cxd4 Na5 14. Bc2 Nc4 15. b3 Nb6 16. Bb2 Bb7 17. Ng3 c5 18. d5 Rc8 19. Rc1 Nbd7 20. Nf5 c4 21. bxc4 Rxc4 22. Nd2 Rc8 23. f4 Qb6+ 24. Bd4 Qa5 25. Bb1 Rxc1 26. Qxc1 g6 27. Ng3 Rc8 28. Qb2 Ne8 29. Re2 Qc7 30. Nb3 Bg7 31. Bxg7 Nxg7 32. Kh2 Qc3 33. Qxc3 Rxc3 34. Na5 Ba8 35. Rc2 Rxc2 36. Bxc2 f5 37. Nc6 fxe4 38. Nxe4 Ne8 39. a4 bxa4 40. Bxa4 Ndf6 41. Nc3 Nc7 42. Bb3 a5 43. g4 Kg7 44. Nxa5 Nfxd5 45. Ne4 Nxf4 46. Nxd6 h5 47. Kg3 Ne2+ 48. Kh4 hxg4 49. hxg4 Nd4 50. Ba2 Bd5 51. Bxd5 Nxd5 1/2-1/2

[Event "Ho Chi Minh City HD Bank op 2nd"]
[Site "Ho Chi Minh City"]
[Date "2012.03.05"]
[Round "6"]
[White "Frost, Peter"]
[Black "Wolfaardt, Francois"]
[Result "1/2-1/2"]
[WhiteElo "1897"]
[BlackElo "1783"]
[PlyCount "94"]
[EventDate "2012.03.02"]
[EventType "swiss"]
[EventRounds "9"]
[EventCountry "VIE"]
[SourceTitle "CBM 147 Extra"]
[Source "ChessBase"]
[SourceDate "2012.04.24"]
[SourceVersion "1"]
[SourceVersionDate "2012.04.24"]
[SourceQuality "1"]

1. e4 e5 2. Nf3 Nc6 3. Bb5 Nf6 4. Qe2 Bc5 5. 0-0 0-0 6. c3 Re8 7. d3 h6 8. Be3 Bb6 9. Nbd2 d5 10. Rad1 Bd7 11. Rfe1 d4 12. cxd4 Nxd4 13. Bxd4 Bxb5 14. Bxb6 axb6 15. Nc4 Bxc4 16. dxc4 Qe7 17. a3 Nh7 18. Rd5 Ng5 19. Nxg5 Qxg5 20. Red1 Rad8 21. f4 Qe7 22. Rxe5 Qf6 23. Rxe8+ Rxe8 24. g3 Qc6 25. Re1 f6 26. Qd3 Kf7 27. Qd5+ Qe6 28. Kf2 c6 29. Qxe6+ Kxe6 30. Rd1 g5 31. Kf3 h5 32. h3 Rg8 33. f5+ Ke7 34. Rd3 Rc8 35. Rb3 Kd6 36. Rxb6 Rc7 37. Rb3 Kc5 38. Rc3 Rd7 39. Ke3 Rd1 40. b4+ Kb6 41. g4 h4 42. Rd3 Re1+ 43. Kd4 Re2 44. Re3 Rd2+ 45. Kc3 Ra2 46. Kd4 Rd2+ 47. Rd3 Re2 1/2-1/2

[Event "Kuala Lumpur op 8th"]
[Site "Kuala Lumpur"]
[Date "2011.08.20"]
[Round "4"]
[White "Zulfic, Fedja"]
[Black "Wolfaardt, Francois"]
[Result "1-0"]
[WhiteElo "2098"]
[BlackElo "1780"]
[PlyCount "63"]
[EventDate "2011.08.18"]
[EventType "swiss"]
[EventRounds "9"]
[EventCountry "MAS"]
[SourceTitle "CBM 144 Extra"]
[Source "ChessBase"]
[SourceDate "2011.10.28"]
[SourceVersion "1"]
[SourceVersionDate "2011.10.28"]
[SourceQuality "1"]

1. Nf3 d6 2. c4 Nf6 3. Nc3 e5 4. d3 Bg4 5. g3 Nc6 6. Bg2 Be7 7. 0-0 Qd7 8. Re1 h6 9. Nd2 0-0 10. Nf1 Bh3 11. Bh1 Rab8 12. Ne3 Nd4 13. b4 c6 14. a4 Ng4 15. Nxg4 Bxg4 16. f3 Bh3 17. e3 Ne6 18. d4 exd4 19. exd4 Bf6 20. Be3 c5 21. Ne4 Bxd4 22. Bxd4 cxd4 23. g4 Nf4 24. Qxd4 Bxg4 25. Nf6+ gxf6 26. Qxf4 Bh5 27. Red1 Rbd8 28. Qxh6 Qf5 29. Ra2 Qg5+ 30. Rg2 Qxg2+ 31. Bxg2 Bg6 32. Rd4 1-0

[Event "Kuala Lumpur op 8th"]
[Site "Kuala Lumpur"]
[Date "2011.08.18"]
[Round "1"]
[White "Wolfaardt, Francois"]
[Black "Wang, Jue"]
[Result "0-1"]
[WhiteElo "1780"]
[BlackElo "2294"]
[PlyCount "60"]
[EventDate "2011.08.18"]
[EventType "swiss"]
[EventRounds "9"]
[EventCountry "MAS"]
[SourceTitle "CBM 144 Extra"]
[Source "ChessBase"]
[SourceDate "2011.10.28"]
[SourceVersion "1"]
[SourceVersionDate "2011.10.28"]
[SourceQuality "1"]

1. b3 Nf6 2. Bb2 e6 3. Nf3 d5 4. e3 c5 5. Bb5+ Nc6 6. Ne5 Qc7 7. 0-0 Bd6 8. Ng4 Nxg4 9. Qxg4 Bxh2+ 10. Kh1 Be5 11. Bxc6+ bxc6 12. d4 Bf6 13. Ba3 cxd4 14. exd4 h5 15. Qe2 Bxd4 16. c3 Be5 17. Rc1 h4 18. Nd2 h3 19. g3 Bd7 20. Nf3 Bf6 21. Nd4 c5 22. Nb5 Qc6 23. Nd4 cxd4 24. cxd4 Qb5 25. Qxb5 Bxb5 26. Bc5 Kd7 27. f4 h2 28. Kg2 Bd3 29. Re1 h1Q+ 30. Rxh1 Be4+ 0-1

[Event "Ho Chi Minh City HD Bank op 1st"]
[Site "Ho Chi Minh City"]
[Date "2011.01.05"]
[Round "4"]
[White "Wolfaardt, Francois"]
[Black "Shao, Shuai"]
[Result "0-1"]
[WhiteElo "1776"]
[BlackElo "2222"]
[PlyCount "60"]
[EventDate "2011.01.04"]
[EventType "swiss"]
[EventRounds "9"]
[EventCountry "VIE"]
[SourceTitle "CBM 140 Extra"]
[Source "ChessBase"]
[SourceDate "2011.03.01"]
[SourceVersion "1"]
[SourceVersionDate "2011.03.01"]
[SourceQuality "1"]

1. e4 c5 2. Nf3 e6 3. Bd3 d5 4. c3 Nc6 5. Bc2 d4 6. d3 Bd6 7. 0-0 Nge7 8. Re1 Ng6 9. Nbd2 0-0 10. a4 e5 11. Nf1 h6 12. h3 Be6 13. g4 Nf4 14. Bxf4 exf4 15. cxd4 cxd4 16. N1d2 h5 17. Nh2 Ne5 18. f3 Qh4 19. Nb3 Qg3+ 20. Kh1 Qxh3 21. gxh5 Ng4 22. fxg4 f3 23. Qd2 Bf4 24. Qf2 Bg3 25. Qg1 f2 26. Qg2 Qxg2+ 27. Kxg2 fxe1Q 28. Rxe1 Bxe1 29. Nxd4 Rac8 30. Nhf3 Ba5 0-1